000 00591nam a22002057a 4500
003 OSt
005 20140310184527.0
008 131022t xxu||||| |||| 00| 0 eng d
020 _a043945820
050 _aPZ 7
_b.M379 2004
100 _aMartin, Justin McCory.
_92569
245 _aThe planet without pronouns /
_cJustin McCory Martin.
260 _aNew York :
_bScholastic inc.,
_c2004.
300 _a16 p. :
_bill. col. ;
_c25 cm.
521 _aG3
526 _c590
650 _aEnglish language
_vSentences
_xJuvenile literature.
_930328
942 _2lcc
_cBK-SCHOLAS
999 _c35152
_d35152